000 00492nam a2200193Ia 4500
008 101110s9999 xx 000 0 und d
041 _aENGLISH
082 _bSR11778
_a332.1
100 _aSrivastava P.K.
245 _aBanking Theory and Practice 2nd Ed.
365 _b15
520 _aCommerce
546 _aENGLISH
630 _aBanking Theory and Practice 2nd Ed.
650 _aCommerce
655 _aCommerce
730 _aBanking Theory and Practice 2nd Ed.
942 _cBOOK
999 _c806432
_d806429